[Event "Alex-Manolo"]
[Site "http://www.queenalice.com/game.php?id=364355"]
[Date "2008.3.2"]
[Round "-"]
[White "alexchess"]
[Black "togoychess"]
[Result "0-1"]
[WhiteElo "1720"]
[BlackElo "2135"]

1. b3 e5 2. Bb2 Nc6 3. c4 Nf6 4. d3 d5 5. e3 Bb4+ 6. Nd2 O-O 7. a3 Bxd2+ 8. Qxd2
d4 9. e4 Be6 10. Nf3 Nh5 11. g3 h6 12. b4 f5 13. b5 fxe4 14. dxe4 Rxf3 15. bxc6
Rf8 16. cxb7 Rb8 17. Be2 Nf6 18. f3 Rxb7 19. O-O c5 20. Rab1 Qb6 21. Bd3 Qa6 22.
f4 Ng4 23. fxe5 Rxf1+ 24. Rxf1 Nxe5 25. Qc2 Nxd3 26. Ba1 Qxc4 27. Qd1 Rf7 0-1

[Event "hay  webos"]
[Site "http://www.queenalice.com/game.php?id=370199"]
[Date "2008.3.13"]
[Round "-"]
[White "rochess"]
[Black "alexchess"]
[Result "1-0"]
[WhiteElo "1862"]
[BlackElo "1718"]

1. d4 c6 2. e4 d5 3. exd5 cxd5 4. Nc3 a6 5. Nf3 e6 6. Bf4 Bd6 7. Bxd6 Bd7 8. Be5
f6 9. Bxb8 Rxb8 10. Bd3 Ne7 11. O-O O-O 12. Re1 Qb6 13. b3 Rbc8 14. Na4 Qb4 15.
Nc5 Rc7 16. Nxd7 1-0

[Event "Challenge"]
[Site "http://www.queenalice.com/game.php?id=373308"]
[Date "2008.3.18"]
[Round "-"]
[White "alexchess"]
[Black "JhonDie"]
[Result "1-0"]
[WhiteElo "1676"]
[BlackElo "1848"]

1. b3 c5 2. Bb2 d5 3. e3 d4 4. e4 e5 5. d3 Nf6 6. Nf3 Bg4 7. Be2 Bd6 8. h3 Be6
9. O-O O-O 10. Nbd2 b5 11. c3 Nc6 12. cxd4 cxd4 13. Rc1 Rc8 14. Ng5 Qd7 15. Nxe6
fxe6 16. Nf3 Nb4 17. Rxc8 Rxc8 18. Ba3 Nxa2 19. Bxd6 Qxd6 20. Qa1 Qa3 21. Rb1
Rc1+ 22. Bf1 Rxb1 23. Qxb1 Nc3 24. Qc2 Qa2 25. Qxa2 Nxa2 26. Nxe5 a5 27. Nc6 a4
28. bxa4 bxa4 29. Nxd4 Nb4 30. Nb5 Nc2 31. d4 Nxe4 32. Bd3 a3 33. Nxa3 Nxa3 34.
Bxe4 Nc4 35. f3 Kf7 36. Bxh7 g6 37. h4 Kg7 38. Bxg6 Kxg6 39. g4 Nd2 40. Kf2 1-0

[Event "RELAX 2007"]
[Site "http://www.queenalice.com/game.php?id=376123"]
[Date "2008.3.24"]
[Round "3"]
[White "ayrton"]
[Black "alexchess"]
[Result "1-0"]
[WhiteElo "1890"]
[BlackElo "1708"]

1. e4 c5 2. Nf3 Nc6 3. c3 e6 4. Bb5 d5 5. Bxc6+ bxc6 6. Qe2 Qb6 7. O-O Ba6 8. d3
c4 9. d4 dxe4 10. Qxe4 Nf6 11. Qe5 Rd8 12. h3 Bd6 13. Qe2 O-O 14. Bg5 Be7 15. a4
h6 16. Bxf6 Bxf6 17. Na3 Rc8 18. Rfb1 c5 19. Nc2 1-0

[Event "Battle 2"]
[Site "http://www.queenalice.com/game.php?id=401655"]
[Date "2008.5.11"]
[Round "-"]
[White "alexchess"]
[Black "Strogonoff"]
[Result "0-1"]
[WhiteElo "1699"]
[BlackElo "1870"]

1. b3 e5 2. Bb2 Nc6 3. c4 d5 4. Qc2 dxc4 5. Qxc4 Be6 6. Qe4 Nf6 7. Qc2 Bd6 8. d3
O-O 9. Nf3 Re8 10. e4 Bg4 11. Be2 Bxf3 12. Bxf3 Nb4 13. Qd2 Nc6 14. O-O Bb4 15.
Qc2 Nd4 16. Qd1 Nxf3+ 17. Qxf3 Bd6 18. Nd2 b5 19. Qe3 Qd7 20. Rfd1 Qg4 21. Nf3
Nh5 22. h3 Qf4 23. Bc1 Qxe3 24. Bxe3 Nf4 0-1

[Event "Let's Play Chess!"]
[Site "http://www.queenalice.com/game.php?id=488506"]
[Date "2008.11.5"]
[Round "-"]
[White "enrikov"]
[Black "alexchess"]
[Result "1-0"]
[WhiteElo "1964"]
[BlackElo "1703"]

1. c4 c5 2. Nc3 e6 3. Nf3 Nf6 4. d4 cxd4 5. Nxd4 a6 6. e4 Bb4 7. Bg5 h6 8. Bxf6
Qxf6 9. Ne2 O-O 10. g3 Bc5 11. Nf4 Bxf2+ 12. Kxf2 g5 13. e5 Qxe5 14. Ng2 Nc6 15.
Bd3 1-0

[Event "Let's Play Chess!"]
[Site "http://www.queenalice.com/game.php?id=770438"]
[Date "2010.5.4"]
[Round "-"]
[White "elche"]
[Black "alexchess"]
[Result "1-0"]
[WhiteElo "1760"]
[BlackElo "1593"]

1. e4 c5 2. Nc3 Nc6 3. g3 e6 4. Bg2 Nf6 5. d3 Be7 6. Nge2 O-O 7. O-O Qb6 8. Kh1
d5 9. exd5 exd5 10. Nxd5 Nxd5 11. Bxd5 Bg4 12. f3 Bf5 13. g4 Be6 14. Bxe6 fxe6
15. Rb1 Ne5 16. Nc3 Qc6 17. h3 Nxf3 18. Ne4 Ng5 19. Bxg5 Bxg5 20. Qe2 e5 21.
Rxf8+ Rxf8 22. Qg2 Be7 23. Nc3 Qxg2+ 24. Kxg2 Kf7 25. Rf1+ Ke6 26. Ne4 Rxf1 27.
Kxf1 1-0

[Event "Let's Play Chess!"]
[Site "http://www.queenalice.com/game.php?id=770569"]
[Date "2010.5.4"]
[Round "-"]
[White "alexchess"]
[Black "Andrei_78"]
[Result "0-1"]
[WhiteElo "1605"]
[BlackElo "1706"]

1. e4 e5 2. Nf3 d6 3. Nc3 c6 4. d3 h6 5. Be2 Nf6 6. O-O Na6 7. Be3 Bg4 8. h3 Bh5
9. a3 Be7 10. b4 Nc7 11. Rb1 O-O 12. d4 Ne6 13. dxe5 dxe5 14. Nxe5 Bxe2 15. Qxe2
a6 16. Rbd1 Qb8 17. Nc4 Qc7 18. Qf3 Rad8 19. Bf4 Qxf4 0-1

[Event "Let's Play Chess!"]
[Site "http://www.queenalice.com/game.php?id=770571"]
[Date "2010.5.4"]
[Round "-"]
[White "Admilton"]
[Black "alexchess"]
[Result "1-0"]
[WhiteElo "1497"]
[BlackElo "1635"]

1. e3 c5 2. c4 Nf6 3. Nf3 Nc6 4. d4 cxd4 5. exd4 e6 6. d5 exd5 7. Bg5 dxc4 8.
Bxc4 Be7 9. Nc3 O-O 10. Qd3 h6 11. Bxf6 Bxf6 12. O-O Qb6 13. Nd5 Qxb2 14. Rab1
Ne5 15. Nxe5 Qxe5 16. Rfe1 Qg5 17. Bb3 d6 18. Nc7 Bf5 19. Qe3 Qxe3 20. Rxe3 1-0

[Event "R"]
[Site "http://www.queenalice.com/game.php?id=771742"]
[Date "2010.5.6"]
[Round "-"]
[White "RN"]
[Black "alexchess"]
[Result "1-0"]
[WhiteElo "1805"]
[BlackElo "1613"]

1. Nf3 c5 2. c4 e6 3. e4 Nc6 4. d4 cxd4 5. Nxd4 Qb6 6. Nb5 a6 7. Be3 Bc5 8. Bxc5
Qxc5 9. Nc7+ Kd8 10. Nxa8 Nd4 11. Be2 d6 12. O-O Nf6 13. e5 dxe5 14. f4 Bd7 15.
Nc3 Nxe2+ 16. Kh1 Nxf4 17. Na4 Qxc4 18. N8b6 Qb5 19. Rc1 1-0

[Event "Let's Play Chess!"]
[Site "http://www.queenalice.com/game.php?id=1034547"]
[Date "2012.2.29"]
[Round "-"]
[White "alexchess"]
[Black "asia"]
[Result "0-1"]
[WhiteElo "1565"]
[BlackElo "2313"]

1. b3 d5 2. Bb2 Bg4 3. g3 c6 4. Bg2 Nf6 5. Nf3 e6 6. d3 Bd6 7. O-O O-O 8. Nbd2
Nbd7 9. c4 h6 10. Qc2 Qc7 11. Rac1 Rfe8 12. d4 Qa5 13. Bc3 Bb4 14. e3 Bxc3 0-1

[Event "Let's Play Chess!"]
[Site "http://www.queenalice.com/game.php?id=1034548"]
[Date "2012.2.29"]
[Round "-"]
[White "alexchess"]
[Black "asia"]
[Result "0-1"]
[WhiteElo "1584"]
[BlackElo "2308"]

1. b3 a5 2. c4 a4 3. d4 Nf6 4. Nf3 e6 5. e4 Nxe4 6. Bd3 Bb4+ 7. Bd2 axb3 8. a3
Nxd2 9. Nbxd2 b2 10. Ra2 Rxa3 11. Rxb2 Nc6 12. O-O Rxd3 13. Qb1 Rxd2 14. Rxd2
Bxd2 15. Nxd2 d5 0-1

[Event "Let's Play Chess!"]
[Site "http://www.queenalice.com/game.php?id=1034549"]
[Date "2012.2.29"]
[Round "-"]
[White "alexchess"]
[Black "asia"]
[Result "0-1"]
[WhiteElo "1563"]
[BlackElo "2314"]

1. b3 e5 2. c4 Nc6 3. Qc2 Nf6 4. Nc3 d5 5. d3 d4 6. Ne4 Nxe4 7. dxe4 Bb4+ 8. Bd2
Bxd2+ 9. Qxd2 f5 10. Qc2 Qf6 11. Rd1 fxe4 12. Qxe4 Bf5 13. Qd5 Rd8 14. Qf3 e4
15. Qg3 d3 16. Qe3 d2+ 0-1

[Event "Midnight Riders"]
[Site "http://www.queenalice.com/game.php?id=1036171"]
[Date "2012.3.5"]
[Round "-"]
[White "alexchess"]
[Black "Elafsson"]
[Result "0-1"]
[WhiteElo "1561"]
[BlackElo "2018"]

1. b3 e5 2. c4 d6 3. Qc2 Nf6 4. e3 Be7 5. Nf3 O-O 6. Be2 Nc6 7. O-O Bd7 8. Bb2
Nb4 9. Qc3 c5 10. d4 exd4 11. exd4 Ne4 12. Qc1 Bf6 13. a3 Nc6 0-1